[Event "12. Lichtenberger Sommer"]
[Site "Berlin"]
[Date "2013.08.18"]
[Round "2.32"]
[White "Grassi, Fabrizio"]
[Black "Hahlbohm, Matthias"]
[Result "0-1"]
[WhiteElo "1957"]
[BlackElo "2115"]
[PlyCount "84"]
[EventDate "2013.??.??"]
[WhiteTeam "SV Berlin-Friedrichstadt"]
[BlackTeam "TSG Oberschöneweide e.V."]

1. d4 d5 2. Bf4 e6 3. e3 Bd6 4. Bxd6 Qxd6 5. Qg4 g6 6. Nc3 a6 7. Nf3 Nc6 8. a3
f5 9. Qf4 Nf6 10. Be2 Qxf4 11. exf4 Ne4 12. Nd1 Bd7 13. Ne3 b5 14. O-O Ke7 15.
Rad1 Rhc8 16. Ne1 Na5 17. f3 Nd6 18. b3 Nab7 19. c4 bxc4 20. bxc4 Nxc4 21. Nxc4
dxc4 22. Bxc4 Bb5 23. Bxb5 axb5 24. Nc2 c6 25. Rd3 Ra4 26. Re1 Kd6 27. Rde3 Re8
28. Rc3 Na5 29. Ne3 Rxd4 30. Nc2 Rxf4 31. Rd1+ Ke5 32. Re3+ Kf6 33. Nb4 Rc4 34.
Rd7 Re7 35. Rd8 c5 36. Na6 b4 37. axb4 cxb4 38. Red3 b3 39. Rb8 Ra7 40. Rd6 Rc6
41. Rxc6 Nxc6 42. Rb6 b2 0-1

[Event "12. Lichtenberger Sommer"]
[Site "Berlin"]
[Date "2013.08.18"]
[Round "2.33"]
[White "Stark, Ingo"]
[Black "Baranowsky, Peter"]
[Result "1-0"]
[WhiteElo "2134"]
[BlackElo "1967"]
[PlyCount "63"]
[EventDate "2013.??.??"]
[WhiteTeam "TSG Oberschöneweide e.V."]
[BlackTeam "Sfrd. Berlin 1903 e.V."]

1. e4 c6 2. Nc3 d5 3. Nf3 Bg4 4. h3 Bxf3 5. Qxf3 e6 6. d3 Ne7 7. g3 Nd7 8. Bg2
d4 9. Nb1 g6 10. h4 h6 11. h5 g5 12. Qe2 Bg7 13. f4 f6 14. Bh3 Nf8 15. O-O Qc7
16. Nd2 gxf4 17. gxf4 O-O-O 18. a4 f5 19. Nc4 Rg8 20. Bd2 Nd7 21. Kh1 b6 22.
Rae1 Rde8 23. Rg1 Nc5 24. b4 Nb7 25. exf5 Nxf5 26. Bxf5 exf5 27. Qxe8+ Rxe8 28.
Rxe8+ Nd8 29. Rg6 Qd7 30. Nd6+ Kc7 31. Rg8 Ne6 32. R6xg7 1-0

[Event "12. Lichtenberger Sommer"]
[Site "Berlin"]
[Date "2013.08.18"]
[Round "2.34"]
[White "Schmidt, Martin"]
[Black "Kapp, Frank"]
[Result "1-0"]
[WhiteElo "2061"]
[BlackElo "1908"]
[PlyCount "67"]
[EventDate "2013.??.??"]
[WhiteTeam "SC Borussia Friedrichsfelde 1920"]
[BlackTeam "TSV IFA Chemnitz"]

1. e4 e6 2. d4 d5 3. Nd2 Nf6 4. e5 Nfd7 5. c3 c5 6. Bd3 b6 7. f4 Ba6 8. Bxa6
Nxa6 9. Ne2 Be7 10. O-O O-O 11. f5 exf5 12. Rxf5 g6 13. Rf2 cxd4 14. cxd4 Nb4
15. Nf3 Re8 16. a3 Nc6 17. Qb3 Nf8 18. Nc3 Ne6 19. Be3 Nc7 20. Raf1 Na5 21. Qc2
Nc4 22. Bc1 Ne6 23. Qd3 Bf8 24. b3 Na5 25. b4 Nc4 26. h4 Bg7 27. Ng5 Rf8 28.
Rxf7 Rxf7 29. Rxf7 Nxg5 30. Bxg5 Qe8 31. Re7 Qc6 32. b5 Qc8 33. Qf3 Nxa3 34.
Qf7+ 1-0

[Event "12. Lichtenberger Sommer"]
[Site "Berlin"]
[Date "2013.08.18"]
[Round "2.35"]
[White "Alten, Silvio"]
[Black "Heuser, Philip"]
[Result "1/2-1/2"]
[WhiteElo "1887"]
[BlackElo "2123"]
[PlyCount "120"]
[EventDate "2013.??.??"]
[WhiteTeam "Treptower SV 1949 e.V."]
[BlackTeam "SG Heidelberg-Kirchheim"]

1. e4 c6 2. d4 d5 3. Nc3 dxe4 4. Nxe4 Nf6 5. Nxf6+ gxf6 6. Bc4 Bf5 7. Ne2 e6 8.
Bf4 Nd7 9. c3 h5 10. Ng3 Bg6 11. h4 Nb6 12. Be2 Nd5 13. Bd2 Qb6 14. b3 Ba3 15.
Nxh5 Bb2 16. O-O Bxh5 17. Bxh5 Bxa1 18. Qg4 f5 19. Qe2 O-O-O 20. Rxa1 Qc7 21.
Bxf7 Qxf7 22. Bg5 Rde8 23. c4 Nf6 24. f3 Nd7 25. Qf2 b6 26. a4 Kb7 27. a5 f4
28. Qa2 Ra8 29. Qd2 Raf8 30. b4 Qf5 31. Be7 Re8 32. Bg5 Rhf8 33. c5 b5 34. a6+
Kc8 35. Re1 Rf7 36. Re4 Ref8 37. Bxf4 Qxe4 38. fxe4 Rxf4 39. h5 Rxe4 40. h6
Ref4 41. Qe2 Rf1+ 42. Kh2 R1f6 43. Qh5 Rh8 44. h7 Kd8 45. g4 Nf8 46. Kg3 Rxh7
47. Qe5 Nd7 48. Qe4 Rg7 49. Qxc6 Rfg6 50. Qa8+ Ke7 51. Qxa7 Rxg4+ 52. Kf3 Kf6
53. Qa8 Rxd4 54. Qh8 Ne5+ 55. Ke3 Rxb4 56. a7 Rb3+ 57. Ke2 Rb2+ 58. Ke3 Rb3+
59. Ke2 Rb2+ 60. Ke3 Rb3+ 1/2-1/2

[Event "12. Lichtenberger Sommer"]
[Site "Berlin"]
[Date "2013.08.18"]
[Round "2.36"]
[White "George, Tom"]
[Black "Cusnariov, Nikolai"]
[Result "0-1"]
[WhiteElo "1901"]
[BlackElo "2154"]
[PlyCount "106"]
[EventDate "2013.??.??"]
[WhiteTeam "SG Blau-Weiß Stadtilm"]
[BlackTeam "USV Potsdam e.V., Abt. Schach"]

1. Nc3 d5 2. e4 dxe4 3. Nxe4 Bf5 4. Ng3 Bg6 5. f4 e6 6. Nf3 Nf6 7. Ne5 Be7 8.
Bc4 Nbd7 9. Nxg6 hxg6 10. Qe2 Nb6 11. Bb3 Nfd5 12. d4 Bb4+ 13. Bd2 Bxd2+ 14.
Qxd2 Qf6 15. Ne2 O-O-O 16. O-O-O Kb8 17. g3 Ne7 18. Qe3 Nf5 19. Qe5 Nd5 20.
Bxd5 Rxd5 21. Qxf6 gxf6 22. g4 Ne3 23. Rdg1 f5 24. gxf5 Nxf5 25. c3 Kc8 26. Ng3
Rh4 27. Rf1 Kd8 28. Ne4 Ke7 29. Rf2 b6 30. b4 Rd8 31. Re1 c6 32. Ree2 Rdh8 33.
Ng3 Nxg3 34. hxg3 Rg4 35. Rf3 Rh3 36. Ree3 Rh2 37. Kb1 Rg2 38. Ka1 Kd6 39. Kb1
f5 40. a3 b5 41. Kc1 g5 42. Kd1 gxf4 43. Rxf4 R4xg3 44. Rxg3 Rxg3 45. Kc2 Rg2+
46. Kb3 Rg4 47. Rf1 f4 48. Rf3 Kd5 49. Kc2 Rg2+ 50. Kd1 Ke4 51. Rh3 f3 52. Rh6
Rg1+ 53. Kd2 f2 0-1

[Event "12. Lichtenberger Sommer"]
[Site "Berlin"]
[Date "2013.08.18"]
[Round "2.37"]
[White "Alcer, Fabian"]
[Black "Sechting, Martin"]
[Result "1-0"]
[WhiteElo "1776"]
[BlackElo "2054"]
[PlyCount "102"]
[EventDate "2013.??.??"]
[WhiteTeam "SV Empor Berlin e.V."]
[BlackTeam "SC Weisse Dame e.V."]

1. e4 Nf6 2. e5 Nd5 3. c4 Nb6 4. c5 Nd5 5. Bc4 e6 6. d4 d6 7. cxd6 cxd6 8. Nf3
Nc6 9. O-O Nb6 10. Bb3 dxe5 11. dxe5 Qxd1 12. Rxd1 Be7 13. Nc3 O-O 14. Be3 Nd7
15. Nb5 a6 16. Nc7 Rb8 17. Nxe6 Ndxe5 18. Nxf8 Nxf3+ 19. gxf3 Kxf8 20. Kg2 Bf5
21. Bf4 Re8 22. Bd6 g6 23. Ba4 b5 24. Rac1 Nb4 25. Bb3 Nd3 26. Rc7 Bh3+ 27.
Kxh3 Nxf2+ 28. Kg2 Nxd1 29. Bxe7+ Rxe7 30. Rxe7 Kxe7 31. Bxd1 a5 32. a4 bxa4
33. Bxa4 f5 34. f4 h6 35. h4 Kf6 36. Kf3 g5 37. fxg5+ hxg5 38. h5 Kg7 39. Bd7
Kh6 40. Bxf5 Kxh5 41. Ke4 Kh4 42. Kd4 g4 43. Be4 Kg5 44. Kc4 Kf4 45. Bc6 Ke5
46. Kb5 Kd6 47. Bh1 a4 48. Kxa4 Kc7 49. Kb5 Kb8 50. Kb6 g3 51. b4 Kc8 1-0

[Event "12. Lichtenberger Sommer"]
[Site "Berlin"]
[Date "2013.08.18"]
[Round "2.38"]
[White "Kollberg, Lothar"]
[Black "Reiche, Andreas"]
[Result "1/2-1/2"]
[WhiteElo "2214"]
[BlackElo "1940"]
[PlyCount "145"]
[EventDate "2013.??.??"]
[WhiteTeam "SC Rotation Pankow e.V."]
[BlackTeam "SV Berolina Mitte e.V."]

1. d4 Nf6 2. c4 c5 3. d5 b5 4. cxb5 Qa5+ 5. Nc3 Ne4 6. Bd2 Nxd2 7. Qxd2 d6 8.
e4 a6 9. bxa6 Bxa6 10. Bxa6 Rxa6 11. Nge2 g6 12. O-O Bg7 13. b3 O-O 14. Rad1
Nd7 15. Na4 Qb5 16. Rc1 Rb8 17. Rfd1 Qb7 18. h3 Rba8 19. Rc2 Qa7 20. Kh2 Rb8
21. Qe3 Rb4 22. f4 Qb8 23. Qd3 Ra8 24. g3 Qa7 25. Kg2 Rab8 26. Rdc1 Qa8 27. Rc4
Qa6 28. Qf3 Rxc4 29. Rxc4 Nb6 30. Nxb6 Rxb6 31. Ra4 Qb7 32. Qd3 h6 33. Rc4 Qa6
34. Qc2 Qb7 35. Nc1 Ra6 36. Qd2 Ra3 37. Ne2 Qa8 38. Rc2 e6 39. Kf2 exd5 40.
exd5 Qe8 41. Qe3 Qd7 42. g4 Qa7 43. Qe8+ Kh7 44. Nc1 Qb7 45. Qe4 Qd7 46. Re2
Qa7 47. Kg2 Qb7 48. f5 Qb8 49. fxg6+ fxg6 50. Nd3 Qg8 51. Nf4 Be5 52. Ne6 Ra7
53. Nxc5 Ra5 54. b4 Ra3 55. Ne6 Rg3+ 56. Kf1 Rxh3 57. Rf2 Qe8 58. a4 Qxa4 59.
Nf8+ Kh8 60. Nxg6+ Kg7 61. Re2 Qd1+ 62. Re1 Rf3+ 63. Kg2 Rg3+ 64. Kf2 Rxg4 65.
Rxd1 Rxe4 66. Nxe5 Rxe5 67. b5 Re7 68. Kf3 Kf6 69. Kf4 Ra7 70. Re1 Ra4+ 71. Kf3
Rb4 72. Re6+ Kf5 73. Rxd6 1/2-1/2

[Event "12. Lichtenberger Sommer"]
[Site "Berlin"]
[Date "2013.08.18"]
[Round "2.39"]
[White "Schabe, Felix"]
[Black "Burger, Heinrich"]
[Result "1-0"]
[WhiteElo "1746"]
[BlackElo "2120"]
[PlyCount "79"]
[EventDate "2013.??.??"]
[WhiteTeam "SV Empor Berlin e.V."]
[BlackTeam "VfB Hermsdorf e.V."]

1. e4 g6 2. d4 c6 3. h4 h5 4. Bd3 Bg7 5. Nf3 d5 6. e5 Bg4 7. c3 Qc7 8. Nbd2 Nh6
9. Qc2 Bf5 10. Ng5 Bxd3 11. Qxd3 e6 12. Nf1 Qe7 13. Ng3 Nd7 14. b3 O-O 15. Nxh5
f6 16. exf6 Rxf6 17. Nxf6+ Qxf6 18. Qg3 Qe7 19. O-O e5 20. Re1 e4 21. Qh3 Re8
22. a4 c5 23. Ba3 b6 24. Rad1 Nf6 25. dxc5 bxc5 26. Qe3 Rc8 27. c4 Nf5 28. Qf4
Nh5 29. Qd2 d4 30. Rxe4 Qb7 31. Rde1 Nf6 32. Re5 Nxh4 33. Ne4 Ng4 34. Re6 Rf8
35. Bxc5 Rxf2 36. Re8+ Bf8 37. Rxf8+ Rxf8 38. Bxf8 Ne3 39. Qxd4 Nexg2 40. Rf1
1-0

[Event "12. Lichtenberger Sommer"]
[Site "Berlin"]
[Date "2013.08.18"]
[Round "2.40"]
[White "Heerde, Thomas"]
[Black "Dreke, Frank"]
[Result "1-0"]
[WhiteElo "2011"]
[BlackElo "1990"]
[PlyCount "75"]
[EventDate "2013.??.??"]
[WhiteTeam "SC Weisse Dame e.V."]
[BlackTeam "Treptower SV 1949 e.V."]

1. Nf3 c6 2. g3 d5 3. Bg2 g6 4. O-O Bg7 5. d3 Nf6 6. Nbd2 O-O 7. h3 Nbd7 8. e4
e5 9. Re1 Qc7 10. b3 d4 11. Rf1 a5 12. a4 b5 13. Nh2 Nb6 14. f4 Nh5 15. f5 Nxg3
16. Rf3 Nh5 17. Ng4 Qd6 18. Nf1 Nf4 19. Ng3 h5 20. Nf2 h4 21. Ne2 Nh5 22. Ng4
gxf5 23. exf5 Nd5 24. Bg5 Nhf4 25. Nxf4 exf4 26. f6 Nxf6 27. Bxf4 Qe7 28. Nxf6+
Bxf6 29. Qf1 Be6 30. Re1 Qc5 31. Bh6 Bg7 32. Bxg7 Kxg7 33. Qf2 Qg5 34. Kh2 Bd5
35. Qxd4+ Kg8 36. Rg1 c5 37. Qf4 Qxf4+ 38. Rxf4 1-0

[Event "12. Lichtenberger Sommer"]
[Site "Berlin"]
[Date "2013.08.18"]
[Round "2.42"]
[White "Sappok, Marius"]
[Black "Penner, Markus"]
[Result "0-1"]
[WhiteElo "1971"]
[BlackElo "2026"]
[PlyCount "51"]
[EventDate "2013.??.??"]
[WhiteTeam "SC Zugzwang 95 e.V."]
[BlackTeam "SK Zehlendorf e.V."]

1. d4 Nf6 2. c4 g6 3. Nc3 Bg7 4. e4 d6 5. h3 O-O 6. Bg5 c5 7. d5 h6 8. Be3 Na6
9. Be2 Nc7 10. Qd2 Kh7 11. f4 a6 12. a4 Bd7 13. e5 Nfe8 14. Nf3 b5 15. axb5
axb5 16. O-O Na6 17. cxb5 Nb4 18. Bc4 Qb8 19. e6 fxe6 20. dxe6 Bc8 21. Rxa8
Qxa8 22. Nd5 Bxe6 23. Nb6 Qb7 24. Bxe6 Qxb6 25. Qxb4 Nc7 26. Qe4 0-1

[Event "12. Lichtenberger Sommer"]
[Site "Berlin"]
[Date "2013.08.18"]
[Round "2.44"]
[White "Schubert, Joachim"]
[Black "Badestein, Hartmut"]
[Result "1-0"]
[WhiteElo "1814"]
[BlackElo "2083"]
[PlyCount "87"]
[EventDate "2013.??.??"]
[WhiteTeam "SC Friesen Lichtenberg e.V."]
[BlackTeam "SC Friesen Lichtenberg e.V."]

1. e4 c6 2. d4 d5 3. exd5 cxd5 4. Bd3 Nc6 5. c3 Nf6 6. Bf4 g6 7. Nf3 Bg7 8.
Nbd2 Nh5 9. Be3 O-O 10. h3 Qc7 11. Nb3 Nf4 12. Bf1 Re8 13. Qd2 e5 14. Bxf4
exf4+ 15. Be2 Qe7 16. Kf1 Bf5 17. Re1 Qc7 18. Nc5 Re7 19. Bd3 b6 20. Rxe7 Qxe7
21. Nb3 Be4 22. Bb5 Nd8 23. Qxf4 Ne6 24. Qe3 Nc7 25. Be2 Re8 26. Nbd2 Bh6 27.
Qxh6 Bxf3 28. Nxf3 Qxe2+ 29. Kg1 f6 30. Qf4 Qe7 31. Kh2 Kg7 32. Re1 Qd7 33.
Rxe8 Nxe8 34. Ne1 Nd6 35. Nd3 Nf7 36. h4 h5 37. Qf3 Nh6 38. Nf4 Ng4+ 39. Kg3
Qb5 40. Qxd5 Qf1 41. Ne6+ Kh6 42. Qf3 Qa6 43. Qf4+ Kh7 44. Qc7+ 1-0

[Event "12. Lichtenberger Sommer"]
[Site "Berlin"]
[Date "2013.08.18"]
[Round "2.45"]
[White "Kornrumpf, Joachim"]
[Black "Kurbel, Horst-Peter"]
[Result "1/2-1/2"]
[WhiteElo "2084"]
[BlackElo "1845"]
[PlyCount "125"]
[EventDate "2013.??.??"]
[WhiteTeam "Preetzer TSV"]
[BlackTeam "FC Bayern München e.V."]

1. b3 e5 2. Bb2 d6 3. e3 f5 4. d3 Nf6 5. c4 g6 6. Nd2 Bg7 7. Qc2 b6 8. Ngf3 Bb7
9. Be2 Qe7 10. O-O O-O 11. Rac1 Nbd7 12. Ne1 a5 13. a3 Nc5 14. Qb1 Ne6 15. Bf3
c6 16. g3 f4 17. exf4 exf4 18. Bg2 fxg3 19. hxg3 c5 20. Nef3 Nh5 21. Rce1 Rae8
22. Ne4 Qd8 23. Bxg7 Nhxg7 24. Qb2 Nf5 25. b4 axb4 26. axb4 Bxe4 27. Rxe4 Nfd4
28. Nxd4 Nxd4 29. Rxe8 Rxe8 30. Bd5+ Kg7 31. bxc5 bxc5 32. Ra1 Qe7 33. Qb6 Kh6
34. Kg2 Qf6 35. Qb7 Re2 36. Rh1+ Kg5 37. Rf1 h5 38. Be4 h4 39. Qd5+ Kh6 40.
gxh4 Qxh4 41. Qxd6 Qg4+ 42. Qg3 Qxg3+ 43. Kxg3 Nf5+ 44. Kf4 Nd6 45. Bf3 g5+ 46.
Kg3 Rd2 47. Re1 Rxd3 48. Re6+ Kg7 49. Re5 Kf6 50. Rd5 Ne4+ 51. Kg2 Rxd5 52.
cxd5 Nd6 53. Kg3 c4 54. Kg4 c3 55. Bd1 Ne4 56. Bc2 Nd6 57. f4 gxf4 58. Kxf4 Nb5
59. Ke4 Na3 60. Kd3 Nxc2 61. Kxc2 Ke5 62. d6 Kxd6 63. Kxc3 1/2-1/2

[Event "12. Lichtenberger Sommer"]
[Site "Berlin"]
[Date "2013.08.18"]
[Round "2.46"]
[White "Kohlmeyer, Dagobert"]
[Black "Schleich, Theodor"]
[Result "0-1"]
[WhiteElo "1892"]
[BlackElo "2051"]
[PlyCount "120"]
[EventDate "2013.??.??"]
[WhiteTeam "SC Rochade e.V."]
[BlackTeam "SK Siemens München"]

1. e4 c5 2. Nf3 e6 3. c3 Nf6 4. e5 Nd5 5. Be2 d6 6. O-O Nc6 7. d4 cxd4 8. cxd4
Qc7 9. Bb5 Bd7 10. Nc3 Nxc3 11. bxc3 Nxe5 12. dxe5 Bxb5 13. exd6 Bxd6 14. Re1
O-O 15. Bb2 Bc6 16. h3 Bc5 17. Nd4 Bd5 18. Qg4 f5 19. Qe2 Rae8 20. a4 Bb6 21.
Nb5 Qg3 22. Qf1 Rf6 23. Nd4 Bxd4 24. cxd4 Qb3 25. Qb5 Qxb5 26. axb5 Rg6 27. g3
f4 28. Kh2 fxg3+ 29. fxg3 Rf8 30. Rf1 Rgf6 31. Rxf6 Rxf6 32. Kg1 Rf3 33. Ra3 b6
34. Rxf3 Bxf3 35. Kf2 Bd5 36. Ba3 Bc4 37. Bd6 Bxb5 38. Bb8 a5 39. Bc7 a4 40.
Bxb6 a3 41. Ba5 a2 42. Bc3 Kf7 43. Kf3 g5 44. Ke4 Bc4 45. h4 Kg6 46. hxg5 Kxg5
47. Kf3 Bd5+ 48. Kf2 Kf6 49. Ke3 Ke7 50. Kd3 Kd6 51. Ba1 Kc6 52. Kc3 Be4 53.
Kb2 Bb1 54. Kc3 Kd5 55. Kd2 Ke4 56. Ke2 Bd3+ 57. Kd2 Bc4 58. Bc3 Kf3 59. Kc2
Kxg3 60. Kb2 h5 0-1

[Event "12. Lichtenberger Sommer"]
[Site "Berlin"]
[Date "2013.08.18"]
[Round "2.47"]
[White "Kapr, Klaus"]
[Black "Prix, Siegfried"]
[Result "1/2-1/2"]
[WhiteElo "2069"]
[BlackElo "1803"]
[PlyCount "64"]
[EventDate "2013.??.??"]
[WhiteTeam "SC Friesen Lichtenberg e.V."]
[BlackTeam "Sfrd. Berlin 1903 e.V."]

1. e4 e5 2. Nf3 Nc6 3. Bb5 a6 4. Ba4 Nf6 5. O-O Be7 6. Re1 b5 7. Bb3 d6 8. c3
O-O 9. d4 Bg4 10. Be3 Na5 11. Bc2 Nc4 12. Bc1 Rc8 13. b3 Nb6 14. Be3 c5 15.
dxe5 Bxf3 16. Qxf3 dxe5 17. Nd2 Nfd7 18. Qg3 c4 19. b4 Rc6 20. Nf3 Rg6 21. Qh3
Re8 22. Red1 Qc7 23. a4 Rd6 24. axb5 axb5 25. Ra5 Rxd1+ 26. Bxd1 Ra8 27. Rxa8+
Nxa8 28. Qf5 Qd6 29. Be2 g6 30. Qg4 Nab6 31. h4 Nf6 32. Qh3 Nxe4 1/2-1/2

[Event "12. Lichtenberger Sommer"]
[Site "Berlin"]
[Date "2013.08.18"]
[Round "2.48"]
[White "Zesewitz, Martin"]
[Black "Steiner, Wolfram"]
[Result "1-0"]
[WhiteElo "1863"]
[BlackElo "1978"]
[PlyCount "87"]
[EventDate "2013.??.??"]
[WhiteTeam "SF Friedrichshagen"]
[BlackTeam "SG Lasker Steglitz-Wilmersdorf"]

1. f4 d5 2. Nf3 g6 3. e3 Bg7 4. Be2 Nf6 5. O-O O-O 6. Nc3 c5 7. d3 Nc6 8. Qe1
a6 9. e4 dxe4 10. Nxe4 Nd4 11. Bd1 Qc7 12. c3 Nf5 13. Qf2 c4 14. Ne5 cxd3 15.
Ng5 h6 16. Ngf3 Ne4 17. Qe1 Nc5 18. Be3 Nxe3 19. Qxe3 Bf5 20. Nd4 Rad8 21. Bf3
Na4 22. Rf2 Nb6 23. Nxf5 gxf5 24. Nxd3 Nc4 25. Qc5 Rc8 26. Qxf5 b5 27. Re1 e6
28. Qg4 Nd6 29. Bd1 Qc4 30. Nb4 a5 31. Bb3 Qc5 32. Nd3 Qb6 33. Ne5 Nc4 34. Nd7
Qa7 35. Nxf8 Rxf8 36. Bxc4 bxc4 37. f5 exf5 38. Qxc4 Rd8 39. Kf1 Qb8 40. Rxf5
Qxh2 41. Qxf7+ Kh8 42. Re8+ Rxe8 43. Qxe8+ Kh7 44. Qe4 1-0

[Event "12. Lichtenberger Sommer"]
[Site "Berlin"]
[Date "2013.08.18"]
[Round "2.49"]
[White "Lange, Cecilia"]
[Black "Schäfer, Heiko"]
[Result "0-1"]
[WhiteElo "1143"]
[BlackElo "2020"]
[PlyCount "70"]
[EventDate "2013.??.??"]
[WhiteTeam "TSG Oberschöneweide e.V."]
[BlackTeam "Potsdamer SV Mitte e.V."]

1. e4 d6 2. d4 Nf6 3. Nc3 g6 4. Nf3 Bg7 5. Bc4 O-O 6. Be3 a6 7. a4 Nc6 8. O-O
Bg4 9. h3 Bxf3 10. Qxf3 e5 11. d5 Ne7 12. Rfd1 Nd7 13. b4 f5 14. Qe2 f4 15. Bd2
Nf6 16. f3 g5 17. Be1 h5 18. Bf2 Qd7 19. Re1 g4 20. hxg4 hxg4 21. Bh4 g3 22.
Bxf6 Rxf6 23. Qd2 Rh6 24. Nd1 Kf7 25. Nf2 gxf2+ 26. Kxf2 Rah8 27. Rg1 Bf6 28.
Ke2 Rh2 29. Kd3 Ng6 30. c3 Nh4 31. Ra2 Nxf3 32. Qf2 Nxg1 33. Qxg1 Qh3+ 34. gxh3
R8xh3+ 35. Qe3 Rxe3# 0-1

[Event "12. Lichtenberger Sommer"]
[Site "Berlin"]
[Date "2013.08.18"]
[Round "2.53"]
[White "Niehaus, Frank"]
[Black "Halli, Gerhard"]
[Result "1/2-1/2"]
[WhiteElo "2208"]
[BlackElo "1938"]
[PlyCount "47"]
[EventDate "2013.??.??"]
[WhiteTeam "SK König Tegel 1949 e.V."]
[BlackTeam "SK 1947 Sandhausen e.V."]

1. e4 d5 2. exd5 Qxd5 3. Nc3 Qa5 4. d4 Nf6 5. Nf3 c6 6. Bd2 Bg4 7. h3 Bh5 8. g4
Bg6 9. Ne5 Nbd7 10. Nc4 Qc7 11. Qf3 Nb6 12. Bf4 Qc8 13. O-O-O Nxc4 14. Bxc4 e6
15. Bd3 Bb4 16. Bxg6 hxg6 17. Be5 Bxc3 18. Bxf6 Bxb2+ 19. Kxb2 gxf6 20. Qxf6
Rg8 21. f4 Qd8 22. Qe5 Qb6+ 23. Ka1 O-O-O 24. c3 1/2-1/2

[Event "12. Lichtenberger Sommer"]
[Site "Berlin"]
[Date "2013.08.18"]
[Round "2.54"]
[White "Mohrmann, Ralf"]
[Black "Adelberger, Georg"]
[Result "1-0"]
[WhiteElo "1996"]
[BlackElo "1924"]
[PlyCount "119"]
[EventDate "2013.??.??"]
[WhiteTeam "SC Weisse Dame e.V."]
[BlackTeam "SC Kreuzberg e.V."]

1. d4 d5 2. c4 e6 3. g3 Nf6 4. Bg2 c6 5. Nf3 Nbd7 6. Nbd2 Bb4 7. Qc2 Ne4 8. O-O
Nxd2 9. Bxd2 Bxd2 10. Nxd2 O-O 11. e4 dxc4 12. Nxc4 Nb6 13. Rad1 Nxc4 14. Qxc4
Bd7 15. Rd2 Rc8 16. Rfd1 a6 17. b4 Re8 18. a3 Qe7 19. Qc5 Rc7 20. Qb6 Bc8 21.
h4 g6 22. Rc1 Rd7 23. Rdc2 Rdd8 24. a4 Qd6 25. Rc4 Qb8 26. Rxc6 Bd7 27. Rc7
Bxa4 28. Rxb7 Qd6 29. Qxd6 Rxd6 30. Rcc7 Rf8 31. d5 exd5 32. exd5 Bb5 33. Bf3
h6 34. Kg2 Kg7 35. g4 g5 36. h5 Rf6 37. Be4 Rf4 38. f3 Rf6 39. Kf2 Rd8 40. Ke3
Kf8 41. Kd4 Re8 42. Kc5 Rd8 43. Rb6 Rxb6 44. Kxb6 Rb8+ 45. Ka7 Rd8 46. Kb7 Rd6
47. Rc6 Ke7 48. Rc7+ Ke8 49. Rc8+ Ke7 50. Rh8 Bc4 51. Kc7 Bb5 52. Rh7 Rd7+ 53.
Kb6 Rd6+ 54. Kc5 Rf6 55. Rh8 Rd6 56. Bf5 Be2 57. Be4 Rf6 58. Ra8 Rd6 59. Ra7+
Rd7 60. d6+ 1-0

[Event "12. Lichtenberger Sommer"]
[Site "Berlin"]
[Date "2013.08.18"]
[Round "2.55"]
[White "Albrecht, Rainer"]
[Black "Lieder, Günter"]
[Result "1-0"]
[WhiteElo "2112"]
[BlackElo "1884"]
[PlyCount "123"]
[EventDate "2013.??.??"]
[WhiteTeam "SC Kreuzberg e.V."]
[BlackTeam "SK Turm Bad Hersfeld"]

1. d4 g6 2. c4 Bg7 3. Nc3 c6 4. e4 d6 5. Nge2 Nf6 6. Ng3 O-O 7. Be2 e5 8. d5 c5
9. O-O Nbd7 10. Be3 a6 11. a3 b6 12. Qc2 Rb8 13. b4 Qc7 14. Rfb1 Re8 15. Nf1
Nf8 16. bxc5 bxc5 17. Rxb8 Qxb8 18. Rb1 Qc7 19. Qb3 N8d7 20. Nd2 h6 21. Bd1 Kh7
22. Na4 Rf8 23. f3 g5 24. Qc3 Re8 25. Nb3 Nb8 26. Na5 Nfd7 27. g4 Bf6 28. Bd2
Bd8 29. Qb2 Kg6 30. Nb7 Bxb7 31. Qxb7 f6 32. Qxc7 Bxc7 33. Rb7 Rc8 34. Nb2 h5
35. gxh5+ Kxh5 36. f4+ Kh6 37. fxg5+ fxg5 38. h4 Bd8 39. Bg4 Rc7 40. Rxc7 Bxc7
41. Bxg5+ Kg7 42. Bf5 Nf6 43. Nd1 Ba5 44. Ne3 Bd2 45. Kf2 Nbd7 46. Bxd7 Bxe3+
47. Kxe3 Nxd7 48. Be7 Nb6 49. Kd3 Nc8 50. Bd8 Kf7 51. h5 Ke8 52. h6 Kf7 53. Kc3
Kg6 54. Kb3 Kxh6 55. Ka4 Kh5 56. Ka5 Kg4 57. Kxa6 Kf3 58. Kb7 Kxe4 59. Kxc8 Kd3
60. Kd7 Kxc4 61. Kxd6 e4 62. Bb6 1-0

[Event "12. Lichtenberger Sommer"]
[Site "Berlin"]
[Date "2013.08.18"]
[Round "2.57"]
[White "Amelang, Thomas"]
[Black "Schröter, Maik"]
[Result "0-1"]
[WhiteElo "2136"]
[BlackElo "1856"]
[PlyCount "94"]
[EventDate "2013.??.??"]
[WhiteTeam "SK Siemens München"]
[BlackTeam "SG Blau-Weiß Stadtilm"]

1. e4 Nc6 2. Nc3 e5 3. Bc4 Bc5 4. d3 Na5 5. Bb3 Nxb3 6. axb3 Nf6 7. Qf3 O-O 8.
h3 c6 9. g4 d5 10. Nge2 Bb4 11. Kf1 d4 12. Nb1 Be7 13. Ng3 Ne8 14. Kg2 Bg5 15.
Nd2 Be6 16. Qe2 g6 17. Nf3 Bxc1 18. Raxc1 f6 19. Qd2 Qd6 20. Ra1 Ng7 21. Ra4 b6
22. Ra3 a5 23. Rha1 c5 24. Qe2 Bd7 25. Nd2 Be6 26. Nc4 Bxc4 27. bxc4 Ne6 28.
Qf3 Nf4+ 29. Kh2 Kf7 30. Ne2 Nxe2 31. Qxe2 g5 32. Qf3 Qe6 33. Kg3 Rh8 34. Rh1
Rag8 35. Rb3 Rb8 36. Rb5 Kg6 37. h4 h5 38. hxg5 h4+ 39. Rxh4 Rxh4 40. Kxh4
fxg5+ 41. Kg3 Kg7 42. Qf5 Qe7 43. f4 gxf4+ 44. Kg2 Rf8 45. Qh5 f3+ 46. Kf1 Rh8
47. Qf5 Rh1+ 0-1

[Event "12. Lichtenberger Sommer"]
[Site "Berlin"]
[Date "2013.08.18"]
[Round "2.58"]
[White "Fuchs, Jörg"]
[Black "Godoj, Veit"]
[Result "1/2-1/2"]
[WhiteElo "1862"]
[BlackElo "2045"]
[PlyCount "90"]
[EventDate "2013.??.??"]
[WhiteTeam "SC Kreuzberg e.V."]
[BlackTeam "SV Königsjäger Süd-West e.V."]

1. e4 e5 2. Bc4 Nc6 3. Nf3 Nf6 4. d3 Be7 5. O-O d6 6. a3 Bg4 7. c3 h6 8. Re1
O-O 9. Nbd2 a6 10. Nf1 d5 11. exd5 Nxd5 12. h3 Bh5 13. Ng3 Bg6 14. Nxe5 Nxe5
15. Rxe5 Nb6 16. Bb3 c5 17. Qf3 Qc7 18. Re2 Rad8 19. Nf5 Rfe8 20. Bf4 Qd7 21.
Nxe7+ Rxe7 22. Rd2 Qb5 23. Bc2 Red7 24. a4 Qa5 25. Rad1 Nd5 26. Bg3 Nf6 27. Bh4
Qb6 28. Bxf6 gxf6 29. Qe3 Kg7 30. h4 Qc7 31. f4 Bh5 32. Re1 Bg4 33. Qg3 h5 34.
Bd1 f5 35. Bc2 Rd6 36. Re5 Rg6 37. Qe3 b6 38. Re7 Qc6 39. Qe5+ Kg8 40. Qc7 Qxc7
41. Rxc7 Bf3 42. Bb3 Bd5 43. Bxd5 Rxd5 44. Kf2 Rgd6 45. Ke3 Re6+ 1/2-1/2

[Event "12. Lichtenberger Sommer"]
[Site "Berlin"]
[Date "2013.08.18"]
[Round "2.59"]
[White "Millward, Kevin P"]
[Black "Acikel, Mert"]
[Result "1-0"]
[WhiteElo "1920"]
[BlackElo "1741"]
[PlyCount "83"]
[EventDate "2013.??.??"]
[WhiteTeam "Athenaeum Chess Club London"]
[BlackTeam "VfB Hermsdorf e.V."]

1. g3 e5 2. Bg2 d5 3. d3 Nf6 4. Nd2 c5 5. e4 dxe4 6. Nxe4 Nxe4 7. dxe4 Qxd1+ 8.
Kxd1 Nc6 9. c3 Be7 10. Be3 O-O 11. Ne2 Be6 12. Kc2 Rad8 13. b3 b5 14. Rhd1 b4
15. c4 Nd4+ 16. Bxd4 cxd4 17. Nc1 f5 18. Nd3 fxe4 19. Bxe4 Bg4 20. Re1 Bd6 21.
Kb2 Bf3 22. Rac1 Bxe4 23. Rxe4 Rf3 24. Kc2 Rc8 25. Rce1 Re8 26. R1e2 Rf7 27. f4
Rd7 28. Kd2 a5 29. Nxe5 Bxe5 30. Rxe5 Rxe5 31. Rxe5 Ra7 32. Kd3 a4 33. Kxd4
axb3 34. axb3 Ra3 35. Re3 Ra2 36. Kc5 Rxh2 37. Kxb4 Rh6 38. Kc5 Kf7 39. b4 Ra6
40. b5 Rg6 41. b6 Rxb6 42. Kxb6 1-0

[Event "12. Lichtenberger Sommer"]
[Site "Berlin"]
[Date "2013.08.18"]
[Round "2.60"]
[White "Wierzbicki, Jirawat"]
[Black "Guenther, Thomas"]
[Result "1-0"]
[WhiteElo "1725"]
[BlackElo "2088"]
[PlyCount "59"]
[EventDate "2013.??.??"]
[WhiteTeam "TuS Makkabi Berlin e.V."]
[BlackTeam "SV Senat"]

1. e4 c5 2. c3 d5 3. exd5 Qxd5 4. d4 e6 5. Nf3 Nf6 6. Be3 cxd4 7. cxd4 Bb4+ 8.
Nc3 Qa5 9. Qb3 Nc6 10. Bd3 O-O 11. O-O Bxc3 12. bxc3 e5 13. Nxe5 Nxe5 14. dxe5
Qxe5 15. Bd4 Qf4 16. Qc2 Ng4 17. g3 Qh6 18. h4 f5 19. Bc5 Rf7 20. Rfe1 Be6 21.
Qe2 Rc8 22. Bd4 Bd5 23. f3 Nf6 24. Bxf5 Re8 25. Qf2 Rfe7 26. Rxe7 Rxe7 27. Re1
Rxe1+ 28. Qxe1 Qh5 29. Be6+ Bxe6 30. Qxe6+ 1-0